00818nam a2200217 a 4500001001000000003000500010005001700015008004100032010001100073011001100084040000900095100003100104245012900135260004100264500006000305502008000365650003000445650002400475650003100499856007000530000115310CHAP20220329144529.0190502s2018 mx a |sm |||||||spa d a111771 a112743 cCHAP1 aRincón Medina, Emmanuel.10aResistencia del ensamble en esquina con conector minifix en tablero enlistonadoh[En línea]cpor Emmanuel Rincón Medina. aChapingo, Méx. :bEl autor,c2018. aPara ver el contenido del material haga clic en la liga aTesis (Ing. Forestal Industrial) -- UACH. División de Ciencias Forestales14aIngenieríaxMateriales.14aMaderaxEnsamblado.14aResistencia de materiales. aFinding aiduhttp://10.13.5.2/tesis/sist115310.pdfzTeclea aquí